Quizzes
Events
Quiz Creation
Community
Videos
Private Events
Remove Ads
Sign In
Join for FREE
Feedback
Dark Mode
Quiz Categories
Sports
Geography
Music
Movies
Television
Just For Fun
Miscellaneous
History
Literature
Language
Science
Gaming
Entertainment
Religion
Holiday
For Kids
Quiz Lab
Recent
Popular Today
Quiz Kudos Today
Editor Picks
Curator Picks
Quizzes by...
Day
Popularity
Type
Ratings
Length
Year
Community
Subscriptions
Recent Discussions
Orange Saloon
Badges
Playlists
Quests
Create
Leaderboards
Showdown
Live 5
Trivia Bingo
Activity
Puzzle Library
Sporcle Events
Private Events
Virtual Trivia
Globe League
Become a Host
Pub Owners
SporcleCon
Opinionation
Our Games
Videos
Blog
Mobile Apps
Partnerships
Remove Ads and Go Orange
Feedback
Sports
Athletes
MLB
NBA
NHL
NFL
Soccer
Sports Teams
WWE
NCAA
Football
Premier League
Basketball
Baseball
Hockey
Golf
Tennis
Cricket
Rugby
Auto Racing
Olympics
World Cup
Sports
Athletes
MLB
NBA
NHL
NFL
Soccer
Sports Teams
WWE
NCAA
Football
Premier League
Basketball
Baseball
Hockey
Golf
Tennis
Cricket
Rugby
Auto Racing
Olympics
World Cup
Random Quiz
Search Sporcle
×
Quiz Lab
Quiz Lab
Sports
Adelaide
Type in answers that appear in a list
Type in answers that appear in a list
Classic
Best Score? Go Orange.
AFL - Port Power 50 Game Players Stats
Can you name the AFL - Port Adelaide 50 Game Players?
By
DJDaForce
10m
52 Questions
726 Plays
726 Plays
726 Plays
Comments
Comments
Give Quiz Kudos
Give Quiz Kudos
-
- Ratings
hide this ad
Replay
Link that replays current quiz
Next Quiz
Link to next quiz in quiz playlist
You Got
0%
They Got
Avg Score
58%
Avg Friend Score
Upgrade to see
Score Distribution
Jump to the score distribution portion of the page
Score
0/52
Timer
10:00
0
Plays Today
No of Games
Player Name
% Correct
248
Warren Tredrea
95.5%
184
Kane Cornes
94.1%
216
Chad Cornes
93.9%
157
Shaun Burgoyne
88.8%
240
Peter Burgoyne
88.6%
173
Gavin Wanganeen
87.1%
234
Brendon Lade
82.9%
137
Matthew Primus
82.4%
142
Dean Brogan
77.3%
149
Domenic Cassisi
76.7%
55
Byron Pickett
73.1%
146
Darryl Wakelin
69.3%
118
Brett ****
69%
117
Josh Carr
69%
192
Michael Wilson
68.6%
50
Justin Westhoff
66.9%
156
Josh Francou
66.3%
147
Roger James
64.9%
180
Stuart Dew
64.2%
110
Toby Thurstans
61.4%
54
Damien Hardwick
60.2%
61
Daniel Motlop
58.8%
93
Danyle Pearce
58%
81
Troy Chaplin
57.4%
94
Steven Salopek
56.7%
122
Darren Mead
56.5%
No of Games
Player Name
% Correct
132
Matthew Bishop
56.2%
138
Stephen Paxman
55.8%
170
Adam Kingsley
55.2%
126
Brent Montgomery
55%
127
Nick Stevens
54.3%
66
David Rodan
52.8%
131
Jarrad Schofield
49.9%
53
Alipate Carlile
48.5%
87
Jacob Surjan
48.2%
67
Josh Mahoney
47.2%
90
Michael Pettigrew
46.7%
86
Fabian Francis
46.7%
75
Che Cockatoo-Collins
46.1%
55
Donald Dickie
43%
90
Brayden Lyle
42.7%
55
Damon White
40.6%
62
Barnaby French
38.6%
50
Bowen Lockwood
38.2%
51
Tom Logan
37.1%
57
Shane Bond
36.1%
54
Shayne Breuer
34.7%
65
Brent Guerra
33.9%
88
Jared Poulton
32.9%
56
Nathan Eagleton
32.6%
58
Stephen Daniels
28.9%
54
Stuart Cochrane
28.8%
Quiz Playlist
Details
Report
Send in Message
Add To Playlist
Classic:
Type in answers that appear in a list
Quiz Source
Last Updated: Feb 16, 2017
Quiz Scoreboard
CHALLENGE
Sign Up to Join the Scoreboard
Show All
Scores
Hide
Comments
May contain spoilers
Recently Published
College Basketball Coaching Resumes
by pancakes188
Sports
9m
Billboard Blitz: Fleetwood Mac
by CooCooCachoo
Music
15s
Presidents Visiting Landmarks
by Hejman
History
7m
More to Explore
Quiz From the Vault
Featured Blog Post
Where Did the Easter Bunny Come From?
hide this ad
You Might Also Like...
Tags
Adelaide
AFL
Player
port
Power
Today's Top Quizzes in Sports
Browse Sports
hide this ad
Top Contributed Quizzes in Sports
1
2022 World Cup Stars
2
Les meilleurs buteurs des matchs entre le PSG et l’OM
3
FIFA Club World Cup Champions
4
Les entraîneurs de l'OM et du PSG au 21e siècle
5
Criteria MLB: Left Handed Sluggers
6
AFC Teams Reveal (Wrong Answers Minefield)
7
5-to-1: UK Sports Teams
8
5-to-1: FBS Animal Nicknames
9
2023 MLB Unique Player Accomplishments
10
Name the Premier League winners with different clubs
Explore More
Trending Topics
Kpop
Marvel
Anime
Disney
Crossword
NBA
Harry Potter
The Office
Country
Soccer
Pokémon
WWE
Puzzle
Song
NFL
hide this ad
More By:
DJDaForce
Quiz
Plays
Rating
Category
Featured
Created
Soccer - FIFA World Rankings Bottom 22
3,141
4.37
Sports
Oct 17, 2009
AFL - Essendon Players 2000-2009
2,052
4.50
Sports
Dec 7, 2009
AFL - Geelong Players 2000-2009
1,990
4.33
Sports
Dec 31, 2009
AFL - Melbourne Players 2000-2009
1,656
4.43
Sports
Dec 31, 2009
AFL - Richmond Players 2000-2009
1,564
4.33
Sports
Jan 2, 2010
Go to Creator's Profile
Score Distribution
Quiz Creator Spotlight
DJDaForce
Follow
Send a Message
Quizzes Created
-
Created Quiz Play Count
-
More By This Creator
Popular Quizzes Today
1
Find the US States - No Outlines Minefield
2
Find the Countries of Europe - No Outlines Minefield
3
The Countries of the World
4
Find the US States
5
Risky Map Clicking: Biggest States A-Z
6
US States
7
Popular People in 1961
8
Movies - When Are They Set?
More Sports Quizzes
Denver Broncos Starting Quarterbacks
Quiz Lab
Trending Quizzes
Risky Map Clicking: Least Populous States A-Z
1-10 Letter G Words
1-10 Letter F Words
Risky Map Clicking: Next State Alphabetically
Risky Map Clicking: Biggest States A-Z
Recently Updated
Leaping Animals
pecheneg
Reality TV Shows (A-Z)
bhenderson79
Rickey Henderson's Hall of Fame Teammates
pecheneg
Champions League XIs: Arsenal
pecheneg
Quick Pick: Celebrities in WWE's Hall of Fame
aduchscher
A-Z Keypad Blitz II
pecheneg
Multiple Oscar Actors
pecheneg
Mystery Phrase Blitz: Oscar 'Best Actors'
pecheneg
F. Scott Fitzgerald Novels
LTH
Pick 3 Villains
ddd62291
Trending Topics
Anime
Marvel
NBA
Harry Potter
Crossword
Disney
Kpop
NFL
Soccer
Song
Country
Puzzle
The Office
Pokémon
WWE
Your Account Isn't Verified!
In order to create a playlist on Sporcle, you need to verify the email address you used during registration. Go to your
Sporcle Settings
to finish the process.
Report this User
Report this user for behavior that violates our
Community Guidelines
.
Details:
Send Report
Go to the Sporcle.com Mobile Site →
Comments